Estadísticas para Top 10 Países Europeos más Fríos

Haz click aquí para tomar la prueba!

Estadísticas generales

  • Esta prueba ha sido tomada 5.369 veces
  • La puntuación promedio es 9 de 10

Estadísticas de respuestas

° CPaís% Correcto
-5.10Rusia
99%
1.50Noruega
98%
1.70Finlandia
97%
2.10Suecia
97%
1.75Islandia
95%
5.10Estonia
92%
5.60Letonia
91%
6.15Bielorrusia
83%
5.50Suiza
76%
5.65Liechtenstein
53%

Distribución de puntuación

Porcentaje por número respondido

Porcentaje de gente con cada puntuación

Historial de tus puntuaciones

No has tomado esta prueba